The Filipino family in the eighties / (Record no. 3156)
[ view plain ]
| 000 -LEADER | |
|---|---|
| fixed length control field | 00898cam a2200325 a 4500 |
| 001 - CONTROL NUMBER | |
| control field | 1529960 |
| 003 - CONTROL NUMBER IDENTIFIER | |
| control field | OSt |
| 005 - DATE AND TIME OF LATEST TRANSACTION | |
| control field | 20140310181750.0 |
| 008 - FIXED-LENGTH DATA ELEMENTS--GENERAL INFORMATION | |
| fixed length control field | 950608s1993 ph b 000 0 eng |
| 010 ## - LIBRARY OF CONGRESS CONTROL NUMBER | |
| LC control number | 94943850 |
| 020 ## - INTERNATIONAL STANDARD BOOK NUMBER | |
| International Standard Book Number | 9711181363 |
| 035 ## - SYSTEM CONTROL NUMBER | |
| System control number | (OCoLC)ocm32426971 |
| 035 ## - SYSTEM CONTROL NUMBER | |
| System control number | (NNC)1529960 |
| 040 ## - CATALOGING SOURCE | |
| Original cataloging agency | DLC |
| Transcribing agency | DLC |
| 042 ## - AUTHENTICATION CODE | |
| Authentication code | lcode |
| 043 ## - GEOGRAPHIC AREA CODE | |
| Geographic area code | a-ph--- |
| 050 00 - LIBRARY OF CONGRESS CALL NUMBER | |
| Classification number | HQ 679 |
| Item number | .G573 1993 |
| 082 00 - DEWEY DECIMAL CLASSIFICATION NUMBER | |
| Classification number | FIL 306.8509599 |
| Item number | G53 1993 |
| 100 1# - MAIN ENTRY--PERSONAL NAME | |
| Personal name | Go, Stella P. |
| 245 14 - TITLE STATEMENT | |
| Title | The Filipino family in the eighties / |
| Statement of responsibility, etc | Stella P. Go. |
| 260 ## - PUBLICATION, DISTRIBUTION, ETC. (IMPRINT) | |
| Place of publication, distribution, etc | Manila : |
| Name of publisher, distributor, etc | Social Development Research Center, De La Salle University, |
| Date of publication, distribution, etc | c1993. |
| 300 ## - PHYSICAL DESCRIPTION | |
| Extent | 95 p. ; |
| Dimensions | 23 cm. |
| 504 ## - BIBLIOGRAPHY, ETC. NOTE | |
| Bibliography, etc | Includes bibliographical references (p. 69-95). |
| 521 ## - TARGET AUDIENCE NOTE | |
| Target audience note | |
| 541 ## - IMMEDIATE SOURCE OF ACQUISITION NOTE | |
| -- | 1 |
| 562 ## - COPY AND VERSION IDENTIFICATION NOTE | |
| Number of copies | 1 |
| 650 #0 - SUBJECT ADDED ENTRY--TOPICAL TERM | |
| Topical term or geographic name as entry element | Families |
| Geographic subdivision | Philippines. |
| 942 ## - ADDED ENTRY ELEMENTS (KOHA) | |
| Source of classification or shelving scheme | Library of Congress Classification |
| Koha item type | |
| Call number prefix | Filipininana |
| Withdrawn status | Lost status | Source of classification or shelving scheme | Damaged status | Home library | Current library | Shelving location | Date acquired | Source of acquisition | Total Checkouts | Full call number | Barcode | Date last seen | Copy number | Price effective from | Koha item type |
|---|---|---|---|---|---|---|---|---|---|---|---|---|---|---|---|
| Library of Congress Classification | Luxembourg Library | Luxembourg Library | Filipiniana Section | 06/26/2013 | HQ 679 .G573 1993 | 9834 | 05/25/2015 | 1 | 06/26/2013 | Books |